Catalogo

Formación de una hacienda cafetera: mecanismos de organización empresarial y relaciones administrativo-laborales : el caso de La Aurora (LÍbano-Colombia), 1882-1907 (Registro nro. 13475)

Detalles MARC
000 -LEADER
fixed length control field 00594nam a2200181Ia 4500
005 - DATE AND TIME OF LATEST TRANSACTION
control field 20251006225557.0
008 - FIXED-LENGTH DATA ELEMENTS--GENERAL INFORMATION
fixed length control field 251006t1999||||xx |||||||||||||| ||und||
040 ## - CATALOGING SOURCE
Original cataloging agency CBC
100 ## - MAIN ENTRY--PERSONAL NAME
Personal name Ramírez Bacca, Renzo
245 ## - TITLE STATEMENT
Title Formación de una hacienda cafetera: mecanismos de organización empresarial y relaciones administrativo-laborales : el caso de La Aurora (LÍbano-Colombia), 1882-1907
300 ## - PHYSICAL DESCRIPTION
Extent p. 83-115
650 ## - SUBJECT ADDED ENTRY--TOPICAL TERM
Topical term or geographic name entry element CAFE
650 ## - SUBJECT ADDED ENTRY--TOPICAL TERM
Topical term or geographic name entry element HACIENDA
650 ## - SUBJECT ADDED ENTRY--TOPICAL TERM
Topical term or geographic name entry element RELACIONES LABORALES
651 ## - SUBJECT ADDED ENTRY--GEOGRAPHIC NAME
Geographic name COLOMBIA
773 ## - HOST ITEM ENTRY
Main entry heading Cuadernos de desarrollo rural No. 42 (1999)
942 ## - ADDED ENTRY ELEMENTS (KOHA)
Catalogador MJCh

No hay ítems disponibles.

Dirección

Pasaje Pampa de La Alianza 164 / Cusco, Cusco, Perú 08001

Horario de atención

Lunes a Viernes
Turno mañana:  9:00am - 1:00pm
Turno tarde:  3:00pm - 6:00pm



Teléfonos

Fijo: +5184245415 / Movil: +51974943010